[Event "Bad Zwesten op 7th"]
[Site "Bad Zwesten"]
[Date "2003.??.??"]
[Round "1"]
[White "Kaufeld, Juergen"]
[Black "Prasovic, Hamdija"]
[Result "1-0"]
[WhiteElo "2191"]
[BlackElo "1623"]
[PlyCount "53"]
[EventDate "2003.01.02"]
[EventType "swiss"]
[EventRounds "9"]
[EventCountry "GER"]
[SourceTitle "CBM 092 Extra"]
[Source "ChessBase"]
[SourceDate "2003.03.07"]
[SourceVersion "1"]
[SourceVersionDate "2003.03.07"]
[SourceQuality "1"]

1. e4 c5 2. Nf3 d6 3. d4 cxd4 4. Nxd4 Nf6 5. Nc3 a6 6. Be3 e6 7. g4 e5 8. Nf5 g6 9. g5 gxf5 10. exf5 Bxf5 11. Qf3 Bxc2 12. gxf6 Nc6 13. Rc1 Bg6 14. Nd5 e4 15. Qd1 Qa5+ 16. Qd2 Qxd2+ 17. Kxd2 0-0-0 18. Bxa6 Kb8 19. Rc3 Bf5 20. Rhc1 Be6 21. Bxb7 Kxb7 22. Rxc6 Bxd5 23. Rb6+ Ka8 24. Rc3 Bb7 25. Rc7 Rb8 26. Ra6+ Bxa6 27. Ra7# 1-0